| 000 | 00817nam a22002657i 4500 | ||
|---|---|---|---|
| 999 |
_c168215 _d168215 |
||
| 005 | 20180821085553.0 | ||
| 007 | ta | ||
| 008 | 180709s2016 cc a|||j |||| 00| 0 chi d | ||
| 020 |
_a9787556045693 _cRM 21.00 _qpaperback |
||
| 040 |
_aPPAK _beng _cPPAK _erda |
||
| 082 |
_223 _a495.186 |
||
| 090 |
_a495.186 _bSUM _eK |
||
| 100 |
_aSu, Mei, _eauthor |
||
| 245 |
_aHuojian fashe = fashe, huojian : xuehui daoshu dao 10 = _bLaunch Rocket / _cSu Mei |
||
| 264 |
_aWuhan : _bChangjiang Publication, _c2016 |
||
| 300 |
_a29 pages : _bcolour illustrations ; _c24 cm |
||
| 336 |
_2rdacontent _atext |
||
| 337 |
_2rdamedia _aunmediated |
||
| 338 |
_2rdacarrier _avolume |
||
| 490 | _aRunning math | ||
| 650 | _aChinese language, Readers | ||
| 650 | _aChildren's stories, Chinese | ||
| 830 | _aRunning math | ||
| 942 |
_2ddc _cB |
||